000 00388nam a22001697a 4500
003 MPLRDC
005 20220104123831.0
008 210129b ||||| |||| 00| 0 eng d
082 _a907 HZL
100 _a那志良
245 _a清明上河图
_c
250 _a再版
260 _a
_b国立故宫博物院
_c1980
300 _b
650 _a艺术杂论
942 _cBK
_o907 HZL
999 _c14564
_d14554